Sports Quiz

Random Sports or War Quiz

MLB Team Leaders: Top 10 Players Ever on Team Quiz Stats

 Plays Quiz not verified by Sporcle

Challenge
Share
Tweet
NOTE: This is NOT the top 10 in WAR while playing for a given team, but the top 10 in career WAR for all the players who ever played for that team. HOW TO PLAY: For each team, the answers are ordered from the #1 player in WAR to the #10 player. The given clue is the final year that the player was on the team. Each answer will reveal the player's career WAR in parentheses. NOTATION: * - indicates pitcher
Score 0/300 Timer 20:00
0 Plays Today
Hint Answer % Correct
AstrosRandy Johnson (102.1)
96.2%
BravesBabe Ruth (183.6)
96.2%
DiamondbacksRandy Johnson (102.1)
96.2%
GiantsRandy Johnson (102.1)
96.2%
MarinersRandy Johnson (102.1)
96.2%
NationalsRandy Johnson (102.1)
96.2%
Red SoxBabe Ruth (183.6)
96.2%
TwinsWalter Johnson (165.6)
96.2%
YankeesBabe Ruth (183.6)
96.2%
YankeesRandy Johnson (102.1)
96.2%
AstrosRoger Clemens (140.3)
95.1%
Blue JaysRoger Clemens (140.3)
95.1%
Red SoxRoger Clemens (140.3)
95.1%
YankeesRoger Clemens (140.3)
95.1%
AngelsAlbert Pujols (101.0)
94.3%
CardinalsAlbert Pujols (101.0)
94.3%
GiantsBarry Bonds (162.4)
93.9%
PiratesBarry Bonds (162.4)
93.9%
AngelsReggie Jackson (73.8)
93.6%
AstrosJeff Bagwell (79.6)
93.6%
AthleticsReggie Jackson (73.8)
93.6%
OriolesReggie Jackson (73.8)
93.6%
MarinersAlex Rodriguez (117.7)
93.2%
MarlinsIvan Rodriguez (68.4)
93.2%
NationalsIvan Rodriguez (68.4)
93.2%
RangersAlex Rodriguez (117.7)
93.2%
RangersIvan Rodriguez (68.4)
93.2%
YankeesAlex Rodriguez (117.7)
93.2%
GiantsWillie Mays (156.2)
92%
MetsWillie Mays (156.2)
92%
AngelsFrank Robinson (107.2)
91.7%
DodgersFrank Robinson (107.2)
91.7%
IndiansFrank Robinson (107.2)
91.7%
NationalsLarry Walker (72.6)
91.7%
OriolesFrank Robinson (107.2)
91.7%
OriolesBrooks Robinson (78.4)
91.7%
RedsFrank Robinson (107.2)
91.7%
RockiesLarry Walker (72.6)
91.7%
Blue JaysPaul Molitor (75.4)
91.3%
BravesGreg Maddux (106.9)
91.3%
BrewersRobin Yount (77.0)
91.3%
BrewersPaul Molitor (75.4)
91.3%
CubsGreg Maddux (106.9)
91.3%
DodgersGreg Maddux (106.9)
91.3%
PadresGreg Maddux (106.9)
91.3%
TwinsPaul Molitor (75.4)
91.3%
AngelsRickey Henderson (110.8)
90.9%
AthleticsRickey Henderson (110.8)
90.9%
Blue JaysRickey Henderson (110.8)
90.9%
BravesHank Aaron (142.6)
90.9%
BrewersHank Aaron (142.6)
90.9%
DodgersRickey Henderson (110.8)
90.9%
MarinersRickey Henderson (110.8)
90.9%
MetsRickey Henderson (110.8)
90.9%
PadresRickey Henderson (110.8)
90.9%
Red SoxRickey Henderson (110.8)
90.9%
YankeesRickey Henderson (110.8)
90.9%
AthleticsTy Cobb (151.1)
90.5%
DiamondbacksMatt Williams (46.4)
90.5%
MarlinsMiguel Cabrera (69.6)
90.5%
Red SoxTed Williams (123.2)
90.5%
TigersTy Cobb (151.1)
90.5%
TigersMiguel Cabrera (69.6)
90.5%
AngelsNolan Ryan (81.8)
90.2%
AstrosNolan Ryan (81.8)
90.2%
CardinalsStan Musial (128.1)
90.2%
MetsNolan Ryan (81.8)
90.2%
RangersNolan Ryan (81.8)
90.2%
RoyalsGeorge Brett (88.4)
90.2%
YankeesLou Gehrig (112.4)
90.2%
DiamondbacksLuis Gonzalez (51.5)
89.8%
MarlinsLuis Gonzalez (51.5)
89.8%
MetsTom Seaver (110.5)
89.4%
RedsTom Seaver (110.5)
89.4%
Red SoxTom Seaver (110.5)
89.4%
White SoxTom Seaver (110.5)
89.4%
AstrosCurt Schilling (79.9)
89%
DiamondbacksCurt Schilling (79.9)
89%
OriolesCurt Schilling (79.9)
89%
DodgersPedro Martinez (84.0)
88.6%
MarinersEdgar Martinez (68.3)
88.6%
MetsPedro Martinez (84.0)
88.6%
NationalsPedro Martinez (84.0)
88.6%
MarinersKen Griffey Jr. (83.6)
88.3%
PiratesHonus Wagner (131.0)
88.3%
RedsKen Griffey Jr. (83.6)
88.3%
White SoxKen Griffey Jr. (83.6)
88.3%
YankeesMickey Mantle (109.7)
88.3%
BravesCy Young (168.5)
87.9%
CardinalsCy Young (168.5)
87.9%
IndiansCy Young (168.5)
87.9%
Red SoxCy Young (168.5)
87.9%
RockiesTodd Helton (61.2)
86.7%
AstrosJoe Morgan (100.3)
86.4%
AthleticsJoe Morgan (100.3)
86.4%
AthleticsJimmie Foxx (97.4)
86.4%
CubsJimmie Foxx (97.4)
86.4%
GiantsJoe Morgan (100.3)
86.4%
PhilliesJoe Morgan (100.3)
86.4%
PhilliesJimmie Foxx (97.4)
86.4%
Hint Answer % Correct
RedsJoe Morgan (100.3)
86.4%
Red SoxJimmie Foxx (97.4)
86.4%
AstrosEddie Mathews (96.4)
86%
Blue JaysFrank Thomas (73.7)
86%
BravesEddie Mathews (96.4)
86%
TigersEddie Mathews (96.4)
86%
White SoxFrank Thomas (73.7)
86%
OriolesCal Ripken Jr. (95.5)
85.6%
CardinalsSteve Carlton (90.4)
85.2%
IndiansSteve Carlton (90.4)
85.2%
NationalsPete Rose (79.1)
85.2%
PhilliesSteve Carlton (90.4)
85.2%
RedsPete Rose (79.1)
85.2%
TwinsSteve Carlton (90.4)
85.2%
White SoxSteve Carlton (90.4)
85.2%
AngelsRod Carew (81.1)
84.8%
AstrosCarlos Beltran (70.4)
84.8%
MetsCarlos Beltran (70.4)
84.8%
RangersCarlos Beltran (70.4)
84.8%
RoyalsCarlos Beltran (70.4)
84.8%
TwinsRod Carew (81.1)
84.8%
Blue JaysDave Winfield (63.8)
84.5%
BravesRogers Hornsby (127.0)
84.5%
CardinalsRogers Hornsby (127.0)
84.5%
CubsRogers Hornsby (127.0)
84.5%
DodgersAdrian Beltre (90.2)
84.5%
GiantsRogers Hornsby (127.0)
84.5%
MarinersAdrian Beltre (90.2)
84.5%
OriolesRogers Hornsby (127.0)
84.5%
PadresDave Winfield (63.8)
84.5%
RangersAdrian Beltre (90.2)
84.5%
CardinalsBob Gibson (89.9)
83.7%
PiratesRoberto Clemente (94.5)
83.3%
PhilliesMike Schmidt (106.5)
83%
PadresTony Gwynn (68.8)
82.6%
RaysWade Boggs (91.1)
82.6%
YankeesWade Boggs (91.1)
82.6%
CardinalsOzzie Smith (76.5)
81.4%
PadresOzzie Smith (76.5)
81.4%
Blue JaysPhil Niekro (96.6)
81.1%
BravesPhil Niekro (96.6)
81.1%
IndiansPhil Niekro (96.6)
81.1%
MetsGary Carter (69.9)
81.1%
NationalsGary Carter (69.9)
81.1%
YankeesPhil Niekro (96.6)
81.1%
TigersAl Kaline (92.5)
80.7%
RedsJohnny Bench (75.0)
80.3%
MarinersIchiro Suzuki (59.1)
79.9%
MarlinsIchiro Suzuki (59.1)
79.9%
MetsTom Glavine (81.4)
79.9%
GiantsMel Ott (107.8)
79.5%
RaysEvan Longoria (48.2)
79.5%
MarlinsKevin Brown (68.3)
79.2%
PadresKevin Brown (68.3)
79.2%
RangersKevin Brown (68.3)
79.2%
RoyalsHarmon Killebrew (60.3)
78.8%
GiantsChristy Mathewson (101.7)
78.4%
RedsChristy Mathewson (101.7)
78.4%
AthleticsTris Speaker (133.7)
78%
BrewersGary Sheffield (60.3)
78%
IndiansTris Speaker (133.7)
78%
MarlinsGary Sheffield (60.3)
78%
Red SoxTris Speaker (133.7)
78%
TwinsTris Speaker (133.7)
78%
BrewersZack Greinke (56.4)
77.3%
DiamondbacksZack Greinke (56.4)
77.3%
IndiansManny Ramirez (69.2)
77.3%
RaysManny Ramirez (69.2)
77.3%
RoyalsZack Greinke (56.4)
77.3%
MarlinsAndre Dawson (64.5)
76.5%
NationalsAndre Dawson (64.5)
76.5%
RaysCarl Crawford (38.9)
76.5%
RedsSam Crawford (75.1)
76.5%
TigersSam Crawford (75.1)
76.5%
AngelsBert Blyleven (95.2)
76.1%
IndiansBert Blyleven (95.2)
76.1%
PiratesBert Blyleven (95.2)
76.1%
RangersBert Blyleven (95.2)
76.1%
TwinsBert Blyleven (95.2)
76.1%
DodgersJim Thome (72.9)
75%
IndiansJim Thome (72.9)
75%
Red SoxCarl Yastrzemski (96.1)
75%
TwinsJim Thome (72.9)
75%
White SoxJim Thome (72.9)
75%
AngelsEddie Murray (68.3)
74.6%
BravesWarren Spahn (100.2)
74.6%
GiantsWarren Spahn (100.2)
74.6%
MetsWarren Spahn (100.2)
74.6%
MetsEddie Murray (68.3)
74.6%
Blue JaysRoberto Alomar (66.8)
74.2%
DiamondbacksRoberto Alomar (66.8)
74.2%
PadresRoberto Alomar (66.8)
74.2%
CubsFerguson Jenkins (84.9)
73.9%
PhilliesFerguson Jenkins (84.9)
73.9%
RangersFerguson Jenkins (84.9)
73.9%
PadresWillie McCovey (64.4)
73.5%
AthleticsNap Lajoie (107.4)
73.1%
DodgersPaul Waner (72.8)
73.1%
IndiansNap Lajoie (107.4)
73.1%
PhilliesNap Lajoie (107.4)
73.1%
Hint Answer % Correct
PiratesPaul Waner (72.8)
73.1%
Blue JaysRoy Halladay (64.6)
72.7%
BravesGaylord Perry (91.0)
72.7%
GiantsGaylord Perry (91.0)
72.7%
IndiansGaylord Perry (91.0)
72.7%
MarinersGaylord Perry (91.0)
72.7%
MarlinsTim Raines (69.1)
72.7%
NationalsTim Raines (69.1)
72.7%
PadresGaylord Perry (91.0)
72.7%
RangersGaylord Perry (91.0)
72.7%
RoyalsGaylord Perry (91.0)
72.7%
YankeesGaylord Perry (91.0)
72.7%
CubsCap Anson (93.8)
72.3%
RaysFred McGriff (52.4)
71.6%
AstrosRobin Roberts (86.0)
71.2%
CubsRobin Roberts (86.0)
71.2%
OriolesRobin Roberts (86.0)
71.2%
PhilliesRobin Roberts (86.0)
71.2%
MarinersRobinson Cano (63.8)
70.8%
TigersAlan Trammell (70.4)
70.8%
AthleticsEddie Collins (123.9)
70.5%
CardinalsPete Alexander (120.0)
70.5%
CubsPete Alexander (120.0)
70.5%
PhilliesPete Alexander (120.0)
70.5%
RockiesTroy Tulowitzki (44.1)
70.5%
White SoxEddie Collins (123.9)
70.5%
DiamondbacksSteve Finley (44.0)
68.6%
MarlinsMike Piazza (59.4)
68.6%
TigersLou Whitaker (74.9)
68.6%
AthleticsLefty Grove (103.6)
68.2%
Red SoxLefty Grove (103.6)
68.2%
OriolesMike Mussina (83.0)
67.8%
TigersCharlie Gehringer (80.6)
67.4%
RockiesBret Saberhagen (59.2)
66.7%
RoyalsBret Saberhagen (59.2)
66.7%
AngelsDon Sutton (67.4)
64%
BrewersDon Sutton (67.4)
64%
RaysJose Canseco (42.2)
63.6%
TigersAl Simmons (68.7)
63.6%
RangersRafael Palmeiro (71.6)
63.3%
NationalsWillie Davis (60.5)
61.7%
White SoxGeorge Davis (84.3)
61.7%
Blue JaysDavid Cone (62.5)
60.2%
RoyalsDavid Cone (62.5)
60.2%
RockiesEllis Burks (49.6)
58.3%
BrewersCC Sabathia (59.2)
58%
DiamondbacksDevon White (47.0)
58%
RaysBen Zobrist (43.3)
56.8%
RockiesMatt Holliday (45.1)
53%
White SoxLuke Appling (74.5)
53%
White SoxRon Santo & Red Ruffing (70.4)
53%
RaysJohnny Damon (56.0)
50.8%
RedsHarry Heilmann (72.1)
50.8%
RoyalsJohnny Damon (56.0)
50.8%
TigersHarry Heilmann (72.1)
50.8%
RockiesDale Murphy (46.2)
50%
MarinersJohn Olerud (58.0)
46.6%
RoyalsKevin Appier (54.9)
45.5%
AthleticsEddie Plank (89.9)
45.1%
OriolesEddie Plank (89.9)
45.1%
BravesKid Nichols (116.4)
43.9%
CardinalsKid Nichols (116.4)
43.9%
PhilliesKid Nichols (116.4)
43.9%
AngelsBobby Grich (70.9)
43.2%
DodgersArky Vaughan (72.9)
40.2%
PiratesArky Vaughan (72.9)
40.2%
RaysDwight Gooden (53.2)
38.6%
RockiesJamie Moyer (50.4)
37.9%
BrewersJim Edmonds (60.3)
37.1%
PiratesPud Galvin (73.7)
36.7%
GiantsTim Keefe (86.6)
36%
PhilliesTim Keefe (86.6)
36%
TwinsEd Delahanty (69.5)
35.6%
NationalsGraig Nettles (68.0)
34.5%
PadresGraig Nettles (68.0)
34.5%
RockiesJason Giambi (50.4)
34.5%
TwinsGraig Nettles (68.0)
34.5%
AstrosKenny Lofton (68.2)
34.1%
PiratesKenny Lofton (68.2)
34.1%
White SoxTed Lyons (71.5)
32.6%
RedsCharley Radbourn (76.0)
31.4%
RockiesRoy Oswalt (50.2)
31.4%
DiamondbacksMark Grace (46.1)
29.5%
DodgersDan Brouthers (78.3)
28%
PiratesRick Reuschel (70.0)
27.7%
CubsJohn Clarkson (84.0)
27.3%
Blue JaysScott Rolen (70.0)
25%
TwinsLuis Tiant (66.7)
23.1%
MarlinsMark Buehrle (58.5)
21.2%
BrewersSal Bando (61.4)
18.9%
CardinalsRoger Connor (84.1)
17.8%
RoyalsVada Pinson (54.1)
15.9%
OriolesBobby Wallace (76.3)
14.8%
BrewersWillie Randolph (65.5)
14.4%
CubsBill Dahlen (75.2)
13.6%
DodgersBill Dahlen (75.2)
13.6%
RaysJulio Franco (43.4)
13.6%
DiamondbacksJavier Vazquez (46.0)
11.4%
CubsJim McCormick (75.8)
9.1%
PiratesJim McCormick (75.8)
9.1%

You're not logged in!

Compare scores with friends on all Sporcle quizzes.
Join for Free
OR
Log In

You Might Also Like...

Show Comments

Extras

Top Quizzes Today


Score Distribution

Your Account Isn't Verified!

In order to create a playlist on Sporcle, you need to verify the email address you used during registration. Go to your Sporcle Settings to finish the process.

Report this User

Report this user for behavior that violates our Community Guidelines.

Details: